U.S. State Abbreviations before the Two-Letter System - Statistics

General Stats
  • This quiz has been taken 14 times
  • The average score is 45 of 50
Answer Stats
Hint Answer % Correct
Missouri Mo
100%
Alabama Ala
93%
Arizona Ariz
93%
Arkansas Ark
93%
California Calif
93%
Colorado Colo
93%
Connecticut Conn
93%
Delaware Del
93%
Georgia Ga
93%
Hawaii Hawaii
93%
Idaho Idaho
93%
Illinois Ill
93%
Indiana Ind
93%
Iowa Iowa
93%
Kansas Kans
93%
Louisiana La
93%
Maine Maine
93%
Massachusetts Mass
93%
Michigan Mich
93%
Minnesota Minn
93%
Mississippi Miss
93%
Montana Mont
93%
North Carolina NC
93%
Nebraska Nebr
93%
Nevada Nev
93%
New Hampshire NH
93%
New Jersey NJ
93%
New York NY
93%
Ohio Ohio
93%
Oklahoma Okla
93%
Oregon Oreg
93%
Rhode Island RI
93%
South Carolina SC
93%
Tennessee Tenn
93%
Texas Tex
93%
Utah Utah
93%
Washington Wash
93%
Wisconsin Wis
93%
Wyoming Wyo
93%
Alaska Alaska
86%
Kentucky Ky
86%
Maryland Md
86%
Virginia Va
86%
Vermont Vt
86%
Pennsylvania Pa
79%
Florida Fla
71%
North Dakota N Dak
71%
New Mexico N Mex
71%
South Dakota S Dak
71%
West Virginia W Va
57%
No matching quizzes found
Score Distribution
Percent of People with Each Score
Percentile by Number Answered
Your Score History
You have not taken this quiz